Todos os jogadores do Manchester City - Statistics

Estatísticas Gerais
  • Esse quiz foi jogado 177 vezes
  • A pontuação média é 16 de 24
Estatísticas das Respostas
Numero Jogador % Correto
31 Ederson
96%
9 Erling Haaland
96%
17 Kevin De Bruyne
93%
2 Kyle Walker
87%
47 Phil Foden
86%
16 Rodri
86%
3 Ruben Dias
85%
Treinador Pep Guardiola
83%
20 Bernardo Silva
81%
10 Jack Grealish
80%
6 Nathan Ake
74%
5 John Stones
73%
11 Jeremy Doku
72%
25 Manuel Akanji
65%
19 Julian Alvarez
64%
24 Josko Gvardiol
55%
8 Mateo Kovacic
51%
18 Stefan Ortega
46%
27 Matheus Nunes
43%
82 Rico Lewis
42%
52 Oscar Bobb
35%
33 Scott Carson
29%
4 Kalvin Phillips
27%
21 Sergio Gomez
15%
Nenhum quiz correspondente encontrado
Distribuição das Pontuações
Porcentagem de Pessoas com Cada Pontuação
Percentil de Números Respondidos
Sua Pontuação Histórica
Você não jogou esse quiz